00859 2200313 4500001002100000005001500021035002000036007000300056040001700059100002600076245007200102250001000174300003800184041000800222082001000230090001800240264003800258336002100296337003000317338002300347850001000370008004100380650001600421020001800437500003000455084001600485990002200501990002200523INLIS00000000000571320260426121639 a0010-0222000803ta aSBPUPADbInd0 aF. RahardiePengarang1 aAgribisnis Buah :bMenguraangi benang kusut indonesia /cF. Rahardi acet.1 aviii,152 hal, :bilus. ;c20,5 cm0 aInd a338.1 a332 HAR m 9-2 aJakarta :bPenabar Swadaya,c2004 2rdacontentaTeks 2rdamediaaTanpa Perantara 2rdacarrieraVolume aPUPAD260426 0  4aBuah buahan a979-389-778-7 aBiografi Penulis, hlm 152 a338.1 RAH m a3866/B/ARPUS/2008 a3867/B/ARPUS/2008